|
|
|
|
| LEADER |
00000nab a2200000 a 4500 |
| 001 |
vtls000814441 |
| 003 |
SK-MaSNL |
| 005 |
20260304214818.0 |
| 008 |
160324c2001 xo 0 slo |
| 015 |
|
|
|a SNBRB2002/11-36977
|
| 035 |
|
|
|a CLN000166096
|
| 040 |
|
|
|a SNKBUCL
|b slo
|c SNKBUCL
|e AACR2
|
| 041 |
0 |
|
|a slo
|
| 044 |
|
|
|a xo
|c SK
|
| 080 |
|
|
|a 617.7-007.681-085-089
|2 1997
|
| 100 |
1 |
|
|a Stehlíková, M.
|4 aut
|9 1156418
|
| 245 |
1 |
0 |
|a Sekundárny glaukóm pri kongenitálnej anorídii
|c Stehlíková, M., Stipanitzová, H., Gerinec, A.
|
| 300 |
|
|
|b Tab.
|
| 504 |
|
|
|a Res. slov., angl.
|
| 504 |
|
|
|a Bibliogr. odkazy
|
| 650 |
0 |
7 |
|a glaukóm
|2 SNKPH
|9 2376
|
| 650 |
0 |
7 |
|a anirídia
|2 SNK
|9 1380059
|
| 650 |
0 |
7 |
|a terapia
|2 SNKPH
|9 781
|
| 655 |
|
7 |
|a články z novín a časopisov
|2 SNK
|9 267496
|
| 700 |
1 |
|
|a Stipanitzová, H.
|4 aut
|9 1146814
|
| 700 |
1 |
|
|a Gerinec, Anton,
|d 1947-
|4 aut
|9 113719
|
| 773 |
0 |
|
|x 1335-8995
|t Transacta ophtalmologica slovaca
|g Roč. 1, č. 1 (2001), s. 17-20
|
| 850 |
|
|
|a Slovenská národná knižnica v Martine
|
| 852 |
|
|
|a SNK
|b KIS3GCP
|
| 958 |
|
|
|a MI
|
| 958 |
|
|
|a NB
|
| 958 |
|
|
|a RBX
|
| 999 |
|
|
|c 3143380
|d 3145310
|